Normal view
MARC view
- Nanotechnology and Microengineering
Entry Topical Term
001 - CONTROL NUMBER
- control field: 83373
003 - CONTROL NUMBER IDENTIFIER
- control field: NUST
005 - DATE AND TIME OF LATEST TRANSACTION
- control field: 20211022162253.0
008 - FIXED-LENGTH DATA ELEMENTS
- fixed length control field: 211022|| aca||aabn | a|a d
040 ## - CATALOGING SOURCE
- Original cataloging agency: NUST
- Transcribing agency: NUST
150 ## - HEADING--TOPICAL TERM
- Topical term or geographic name entry element: Nanotechnology and Microengineering
670 ## - SOURCE DATA FOUND
- Source citation: Work cat.: (NUST)32994: Nazarov, Alexei. editor. 83371, Semiconductor-On-Insulator Materials for Nanoelectronics Applications /, 2011.
